| 000 | 00729nas a2200241Ia 4500 | ||
|---|---|---|---|
| 001 | R002/39315 | ||
| 003 | IT-RoPAU | ||
| 008 | 151124c99999999xx |||||||||||| ||und|| | ||
| 040 | _aIT-RoPAU | ||
| 040 | _cIT-RoPAU | ||
| 041 | _aITALIANO | ||
| 100 |
_aTurconi Davide _gCodice Aut. SPICS: 301 |
||
| 210 | _aBIANCO E NERO | ||
| 222 | _aBianco E Nero | ||
| 245 |
_aBIANCO E NERO, ANNO 10-N.03-MARZO 1949 _bGriffith: Attribuzioni Contestate |
||
| 250 | _a1a ed. | ||
| 260 |
_aROMA _bATENEO _c1949 |
||
| 501 |
_bPaulus - SPICS - Società San Paolo EM (non-commercial uses only) _cCopyright2015 |
||
| 300 | _a4 p. [56-59] | ||
| 362 | _aANNO 010, N.03-MARZO 1949 | ||
| 650 |
_aCINEMA _vPUBBLICAZIONE PERIODICA |
||
| 942 | _cCR | ||
| 999 |
_c127302 _d127302 |
||